000 00285nam a22001337a 4500
008 171202b xxu||||| |||| 00| 0 eng d
020 _a9780742521032
041 _aeng
080 _a32
100 _a18
101 _aSHP
245 _aGRAND THEFT 2000
_cKELLNER, D
942 _2udc
_cBK
999 _c38742
_d38742